000 00953nam a2200289 a 4500
001 BRL_1455
005 20190320211220.0
008 150114s1963----nyuao#####---#001-0#eng-#
020 _a051700142X
041 _aeng
044 _anyu
050 4 _aE77.5
_b.M55 1963
100 1 _aMiles, Charles
_d1894-
_926973
245 1 0 _aIndian and eskimo artifacts of North America
_cCharles Miles ; with a foreword by Frederick J. Dockstader.
260 _aNew York
_bBonanza Books
_c1963
300 _axii, 244 p.
_bil. (algunas a color)
_c29 cm.
500 _aAu1803
500 _aIncluye índice
504 _aBibliografía: p. 238-239.
650 1 4 _aIndígenas de América del Norte
_xMateriales
_926974
650 1 4 _aIndígenas de América del Norte
_xAntigüedades
_925203
650 1 4 _aEsquimales
_xMateriales
_926975
650 1 4 _aEsquimales
_xAntigüedades
_926976
700 1 _aDockstader, Frederick J.
_926977
902 _aGRL
942 _2lcc
_cB
999 _c10265
_d10265